Guess the Country by Flag (Easy Mode) - Statistics

General Stats
  • This quiz has been taken 350 times
    341 since last reset
  • The average score is 10 of 12
Answer Stats
Picture Answer % Correct
USA
96%
France
92%
Germany
90%
Brazil
89%
Canada
89%
Spain
88%
Mexico
87%
Argentina
85%
Portugal
84%
Belgium
76%
Italy
73%
England
71%
No matching quizzes found
Score Distribution
Percent of People with Each Score
Percentile by Number Answered
Your Score History
You have not taken this quiz since the last reset